00689nam a2200241 a 4500001001300000003000900013005001700022008004100039020001000080082001300090100003100103245002300134260004800157300000900205500003500214505001000249650001400259700003100273902000800304942000700312952011300319999001500432nice12345678IN_TiNIC20260116011642.0050524s1934 chaa grp 000 0 urd  ac10000a370bSID aSiddiqi, A M Faiz Mohammad aMasalihan-E-Taleem aCharminar, HyderabadbAhmadiyya Pressc1934 a196p aincludes index and biblioraphy2 aIndex aEducation1 aSiddiqi, A M Faiz Mohammad bSRS cBK 001040708StackRoom-aHMIbHMId2007-06-05g100.00l0o370 SIDp05891r2007-06-05v100.00w2005-05-24yBK c3149d3149